000 06386cam a22020174i 4500
003 PE-LiUPU
005 20250813165949.0
008 150706s2009 sp a rb 000 0 spa d
020 _a9788497566315
035 _a(Sirsi) i9788497566315
040 _aPE-LiUPU
_bspa
_cPE-LiUPU
_erda
049 _aPRUA
082 0 4 _a616.8
_bM27
_221
082 0 4 _a612.82
_bJ89 2009
100 1 _aJunque, Carme,
_eautor.
245 0 0 _aManual de neuropsicología /
_ccoordinadores, Carme Junqué, José Barroso.
264 1 _aMadrid :
_bSíntesis,
_cD.L.2009.
300 _a345 páginas :
_bilustraciones ;
_c23 centímetros.
336 _atext
_2rdacontent
337 _aunmediated
_2rdamedia
338 _avolume
_2rdacarrier
490 0 _aBiblioteca de psicología ;
_v7
504 _aBibliografía : página 335-345.
505 0 _aMétodos y técnicas en neuropsicología -- Asimetría cerebral -- Amnesias y alteraciones de memoria -- El lenguaje y sus alteraciones: afasias, alexias, agrafias y aprosodias -- Las agnosias -- Las apraxias -- El lóbulo frontoal y sus disfunciones -- Envejecimiento, demencias y otros procesos degenerativos -- Neuropsicología infantil -- Evaluación neuropsicológica -- Recuperación de funciones.
526 _aP203
526 _aP200
526 _aSEG65
526 _aSEG64
526 _aSEG63
526 _aSEG62
526 _aSEG61
526 _aSEG60
526 _aSEG59
526 _aSEG58
526 _aSEG57
526 _aSEG56
526 _aSEG55
526 _aSEG54
526 _aSEG53
526 _aSEG52
526 _aSEG51
526 _aSEG50
526 _aSEG49
526 _aSEG48
526 _aSEG47
526 _aSEG46
526 _aSEG24
526 _aSEG23
526 _aSEG22
526 _aSEG21
526 _aSEG20
526 _aSEG19
526 _aSEG18
526 _aSEG17
526 _aSEG16
526 _aSEG14
526 _aSEG13
526 _aSEG12
526 _aSEG11
526 _aSEG10
526 _aSEG09
526 _aSEG06
526 _aSEG05
526 _aSEG04
526 _aSEG03
526 _aSEG02
526 _aSEG68
526 _aSEG66
526 _aSEG45
526 _aSEG25
526 _aSEG01
526 _aP163
526 _aP162
526 _aP161
526 _aP160
526 _aP159
526 _aP158
526 _aP157
526 _aP156
526 _aP155
526 _aP154
526 _aP153
526 _aP152
526 _aP151
526 _aP150
526 _aP149
526 _aP142
526 _aP141
526 _aP140
526 _aP139
526 _aP138
526 _aP137
526 _aP132
526 _aP131
526 _aP130
526 _aP126
526 _aP125
526 _aP124
526 _aP123
526 _aP115
526 _aP122
526 _aP121
526 _aP116
526 _a P114
526 _aP112
526 _aP111
526 _aP104
526 _aP103
526 _aP102
526 _aP101
526 _aP100
526 _aP96
526 _aP95
526 _aP93
526 _aP92
526 _aP91
526 _aP88
526 _aP83
526 _aP82
526 _aP79
526 _aP78
526 _aP75
526 _aP74
526 _aP71
526 _aP69
526 _a P51
526 _aP49
526 _aP48
526 _aP47
526 _aP33
526 _aP31
526 _a P30
526 _aP29
526 _aP27
526 _aP26
526 _aP25
526 _aP24
526 _a P22
526 _aP10
526 _aP09
526 _a P08
526 _aP06
526 _aP05
526 _aP04
526 _aP01
541 _g001-004535;
541 _g001-004535;
541 _g001-004535;
541 _g001-003179;
_FJ00457.
650 1 4 _aNeuropsicología.
_95650
700 1 _aJunqué, Carme,
_eaut.
700 1 _aBarroso, José,
_eaut.Barroso Ribal.
910 _agl
_cjck
_d20131111
910 _armch
_btqv
_cwelc
_d20160802
942 _2ddc
_cBOOK
949 _a616.8 M2 7
_wDEWEY
_c1
_i68988
_lCCODEBUL1
_mBUL
_p69.00
_r0
_sY
_tBOOK
_u2015-7-6
_xSALUD
_PP33
_o.STAFF. Colección General
949 _a616.8 M2 7
_wDEWEY
_c2
_i68989
_lCCODEBUL1
_mBUL
_p69.00
_r0
_sY
_tBOOK
_u2015-7-6
_xSALUD
_PP33
_o.STAFF. Colección General
949 _a616.8 M2 7
_wDEWEY
_c3
_i68990
_lCCODEBUL1
_mBUL
_p69.00
_r0
_sY
_tBOOK
_u2015-7-6
_xSALUD
_PP33
_o.STAFF. Colección General
949 _a612.82 J89 2009
_wDEWEY
_c1
_iFJ00457
_lCCODEBUJ1
_mBUJ
_p46.55
_r0
_sY
_tBOOK
_u2016-06-28
_xSALUD
_PP33
_o.STAFF. Colección General
949 _a612.82 J89 2009
_wDEWEY
_c2
_iFJ01523
_lCCODEBUJ1
_mBUJ
_p35.16
_r0
_sY
_tBOOK
_u2016-08-24
_xSALUD
_PP33
_o.STAFF. Colección General
949 _a612.82 J89 2009
_wDEWEY
_c3
_iFJ01736
_lCCODEBUJ1
_mBUJ
_p35.16
_r0
_sY
_tBOOK
_u2016-08-24
_xSALUD
_PP33
_o.STAFF. Colección General
994 _aC0
_bPEPRU
596 _a1 3
999 _a616.8 M2 7
_wDEWEY
_c56137
_i68988
_d56137
_e2018-8-10
_f2021-11-4
_g5
_lCCODEBUL1
_mBUL
_n18
_p69.00
_q5
_r0
_sY
_tBOOK
_u2015-7-6
_xSALUD
_PP33
_0COMPRA
_o.STAFF. Colección Ciencias de la Salud
999 _a616.8 M2 7
_wDEWEY
_c2
_i68989
_d2019-6-13
_e2018-11-23
_f2021-11-4
_g5
_lCCODEBUL1
_mBUL
_n23
_p69.00
_q4
_r0
_sY
_tBOOK
_u2015-7-6
_xSALUD
_PP33
_o.STAFF. Colección General
999 _a616.8 M2 7
_wDEWEY
_c3
_i68990
_lLOST
_mBUL
_p69.00
_r1
_sN
_tBOOK
_u2015-7-6
_xSALUD
_PP33
_o.STAFF. Colección General
999 _a612.82 J89 2009
_wDEWEY
_c1
_iFJ00457
_d2019-10-30
_e2019-10-21
_f2022-1-25
_g4
_lCCODEBUJ1
_mBUJ
_n9
_p46.55
_q12
_r0
_sY
_tBOOK
_u2016-6-28
_xSALUD
_0COMPRA
_o.STAFF. Colección General Juliaca
999 _a612.82 J89 2009
_wDEWEY
_c2
_iFJ01523
_d2019-10-23
_e2019-10-21
_f2022-1-25
_g4
_lCCODEBUJ1
_mBUJ
_n9
_p35.16
_q15
_r0
_sY
_tBOOK
_u2016-8-24
_xSALUD
_PP33
_0COMPRA
_o.STAFF. Colección General Juliaca
999 _a612.82 J89 2009
_wDEWEY
_c3
_iFJ01736
_d2019-9-30
_e2019-9-9
_f2022-1-25
_g4
_lCCODEBUJ1
_mBUJ
_n13
_p35.16
_q15
_r0
_sY
_tBOOK
_u2016-9-2
_xSALUD
_PP33
_0COMPRA
_o.STAFF. Colección General Juliaca
980 _81
_gALBERTO SANCHEZ Responsable de Automatización